Research Methods in Psychology (Record no. 6214)

MARC details
005 - DATE AND TIME OF LATEST TRANSACTION
control field 20250629053250.0
020 ## - INTERNATIONAL STANDARD BOOK NUMBER
International Standard Book Number 0-07-249446-8
082 ## - DEWEY DECIMAL CLASSIFICATION NUMBER
Classification number 150.72 SHA
100 ## - MAIN ENTRY--PERSONAL NAME
Author name SHAUGHNESSY, J. J
245 ## - TITLE STATEMENT
Title Research Methods in Psychology
250 ## - EDITION STATEMENT
Edition statement 6th Ed.
260 ## - PUBLICATION, DISTRIBUTION, ETC.
Place of publication, distribution, etc. Boston
Name of publisher, distributor, etc. McGraw-Hill Irwin
Date of publication, distribution, etc. 2003.
300 ## - PHYSICAL DESCRIPTION
Extent xvi,543p.: ill.; figures
Other physical details Index, References
Dimensions 23cm
700 ## - ADDED ENTRY--PERSONAL NAME
Other authors/Editors Eugene B. Zechmeister
700 ## - ADDED ENTRY--PERSONAL NAME
Other authors/Editors Jeanne S. Zechmeister
942 ## - ADDED ENTRY ELEMENTS (KOHA)
Source of classification or shelving scheme Dewey Decimal Classification
Koha item type Books
Holdings
Date last seen Total checkouts Full call number Barcode Cost, replacement price Price effective from Koha item type Lost status Source of classification or shelving scheme Damaged status Not for loan Withdrawn status Home library Current library Shelving location Date acquired Source of acquisition Cost, normal purchase price
06/29/2025   150.72 SHA MZA0002850 60000.00 06/29/2025 Books   Dewey Decimal Classification       CBE Mwanza CBE Mwanza Special Reserve Collection 06/13/2017 Library Budget 20000.00